A-Z Keypad Blitz II Quiz Stats

 Plays Quiz Updated Apr 4, 2018

Also try: Pixar A-Z
Challenge
Share
Tweet
Embed
Score 0/64 Timer 10:00
10 Plays Today
% Correct
Memphis...
87.6%
Albuquerque...
86.9%
Aladdin...
85.3%
Dallas...
80.7%
Angola...
80.6%
Philadelphia...
80.3%
Jacksonville...
79.5%
Peter Pan...
78.6%
Jazz...
75.6%
Avalanche...
74.2%
Panama...
73%
Abigail...
73%
The Jungle Book...
72.4%
Mackenzie...
71.8%
Jada...
71.2%
Pacers...
70.6%
France
69.2%
Houston...
68.4%
Dinosaur...
67.6%
Washington...
67.3%
Baltic Avenue...
67.2%
Washington...
66.9%
Hawks...
65.6%
Pacific Avenue...
65.4%
Malawi...
64.8%
Rachel...
64.6%
Danielle...
64%
Maple Leafs...
63.2%
Taiwan...
59.4%
Gambia...
57.7%
Greenland...
56.2%
Gabrielle...
54.9%
% Correct
Afghanistan...
53.6%
Jordan...
52.1%
Warriors...
51.5%
Devils...
51.3%
Zambia
48.7%
Gable...
47.8%
Marvin Gardens...
46.1%
Make Mine Music...
45.8%
Day-Lewis...
44%
Pacino...
43.6%
Thunder...
41.5%
Abraham...
41.2%
March...
40.2%
Taylor...
39.2%
Tennessee Avenue...
36%
Japan...
33.2%
Tucson...
29.4%
Hercules...
29.3%
Electric Company...
29.2%
Peru...
28.9%
Water Works...
28.3%
Zoe
28.1%
Kentucky Avenue...
27.9%
Illinois Avenue...
27.4%
East Africa...
27%
Madagascar...
26.6%
Tangled...
25%
Ukraine...
20.2%
Western Australia...
19.5%
Jannings...
10.3%
Tracy...
9.7%
Winnie the Pooh
8.7%

You're not logged in!

Compare scores with friends on all Sporcle quizzes.
OR
Log In

You Might Also Like...

Show Comments

Extras

Top Quizzes Today


Score Distribution

Your Account Isn't Verified!

In order to create a playlist on Sporcle, you need to verify the email address you used during registration. Go to your Sporcle Settings to finish the process.

Report this User

Report this user for behavior that violates our Community Guidelines.

Details: